| 000 | 00710cab a2200193 4500 | ||
|---|---|---|---|
| 001 | ##L132634 | ||
| 008 | 060223n2006 000 0 eng u | ||
| 035 | _a(Sirsi) u132634 | ||
| 041 | 0 | _aeng | |
| 100 | 1 | _aTaylor, Andrew | |
| 245 | 0 | 0 |
_aFocus _bBerkshire |
| 260 | _c2006 | ||
| 490 | 0 |
_aEstates Gazette _v(0607) 18 February 2006, 103-113(7) |
|
| 520 | _aReviews the Berkshire commercial property market: possible grade A office stock shortages in Slough and Maidenhead; new key office and retail schemes in Reading and Newbury' and market improvements in Bracknell. | ||
| 590 | _aIKA280206 | ||
| 690 | _aPROPERTY-COMMERCIAL PROPERTY-COMMERCIAL PROPERTY MARKET | ||
| 700 | 1 | _aHarris, David | |
| 942 | _n0 | ||
| 999 |
_c76539 _d76539 |
||